| 000 | 00429cam a2200181ua 4500 | ||
|---|---|---|---|
| 001 | 10744 | ||
| 008 | 190401n ii |||gr||||Z||||||asm | ||
| 040 | _cMAIN | ||
| 041 | _aasm | ||
| 082 | _a891.4514 | ||
| 100 |
_aPrafulla Kotoky, _eAuthor. |
||
| 245 | _aKramabikashat Asamiya kathasailee | ||
| 250 | _a7th ed. | ||
| 260 |
_aGuwahati: _bBina library, _c2015. |
||
| 300 | _a136p. | ||
| 653 | _aAssamese literature | ||
| 942 | _cBK | ||
| 999 |
_c9710 _d9710 |
||